Tekst piosenki You'll Never Walk Alone - Statystyki

Ogólne statystyki
  • Ten quiz został rozwiązany 17 razy
  • Średni wynik to 11 z 13
Statystyki odpowiedzi
fragment tekstu brakujący kawałek % Poprawnych
And you'll never walk ___, Alone
100%
You'll never, ever walk ___ Alone
100%
And you'll never walk ___ ,
Alone
100%
You'll never, ever walk ___. Alone
100%
Walk on, walk on with ___ in your heart Hope
81%
Walk on, walk on with ___ in your heart Hope
81%
And don't be afraid of the ___ Dark
75%
At the end of a storm is a ____ sky Golden
75%
___ __ through the wind Walk on
75%
___ __ through the rain Walk on
75%
When you walk through a ___ hold your head up high Storm
69%
And the ___ silver song of a lark Sweet
69%
Tho' your ____ be tossed and blown Dreams
63%
Nie znaleziono quizów pasujących do podanych kryteriów
Rozkład punktacji
Procent ludzi z każdym wynikiem
Percentyl według liczby udzielonych odpowiedzi
Twoja historia wyników
Nie rozwiązałeś tego quizu